00686nam a2200193 a 450000100110000000300040001100500170001500800410003202000180007304000110009110000370010224501000013925000130023926000470025230000380029950400660033765000530040370000360045656900469 OSt20150408114011.0 eng  a9780323030212 aMUcMU1 aPagana, Kathleen Deska,d1952- 10aMosby's diagnostic and laboratory test reference / cKathleen Deska Pagana, Timothy J. Pagana  a7th ed  aSt. Louis, Mo. :bElsevier Mosby,cc2005  axxiii, 1095 p. :bill. ;c20 cm  aIncludes bibliographical references (p. 1031-1033) and index. 0aDiagnosis, LaboratoryvHandbooks, manuals, etc 1 aPagana, Timothy James,d1949-